000 01348cam a2200385 a 4500
999 _c3820
_d3820
001 353537
003 Nust
005 20180117090014.0
008 850613s1985 nyu b 001 0 eng
010 _a 84048593
020 _a0060154284 :
_c$19.95
035 _a(OCoLC)11549089
035 _a(OCoLC)ocm11549089
035 _a(CStRLIN)NYCG85-B56570
035 _a(NNC)353537
040 _dCStRLIN
_c0
043 _an-us---
050 0 _aHD2346.U5
_bD78 1985
082 0 _a658.4/2
_219
090 _aHD2346.U5
_bD78 1985
100 1 _aDrucker, Peter F.
_q(Peter Ferdinand),
_d1909-2005.
245 1 0 _aInnovation and entrepreneurship :
_bpractice and principles /
_cPeter F. Drucker.
250 _a1st ed.
260 _aNew York :
_bHarper & Row,
_cc1985.
300 _aix, 258 p. ;
_c24 cm.
500 _aIncludes index.
504 _aBibliography: p. 267-268.
650 0 _aSmall business
_zUnited States.
650 0 _aNew business enterprises
_zUnited States.
650 0 _aEntrepreneurship.
942 _2ddc
_cBK